| 000 | 00416nam a2200181 4500 | ||
|---|---|---|---|
| 001 | 3275 | ||
| 005 | 20181127170913.0 | ||
| 010 | 0 | 0 | _a |
| 020 | 0 | 0 | _a0195687175 |
| 090 | 0 | 0 | _a658.8 B6527t 2008 |
| 100 | 0 | 0 | _aBlois, Keith. |
| 245 | 0 | 0 |
_aTextbook of marketing / _b _cBlois Keith _h |
| 250 | 0 | 0 | _a |
| 260 | 0 | 0 |
_aNew York : _bOxford University Press, _c2010. |
| 300 | 0 | 0 | _aviii, 685 p. |
| 500 | 0 | 0 | _a |
| 650 | 0 | 0 |
_aMarketing. _x |
| 999 |
_c2645 _d2645 |
||